| 000 | 00794nam a2200253 4500 | ||
|---|---|---|---|
| 001 | 32875 | ||
| 003 | BD-RjUL | ||
| 005 | 20211209051917.0 | ||
| 008 | 140428s1949 pk b b 001 0 eng | ||
| 035 |
_a(BD-RjUL)32965 _a(OCoLC)ocm16865078 |
||
| 040 |
_aDLC _cWAU _beng _dBD-RjUL |
||
| 041 | _aeng | ||
| 082 | 0 | 0 |
_a297.1977 _bHUA 1949 |
| 100 | 1 |
_aHusaini, Abdul Qadir, _962378 |
|
| 245 | 1 | 0 |
_aArab administration / _cby S.A.Q. Husaini. |
| 260 |
_aLahore : _bSh. Muhammad Ashraf, _c1949. |
||
| 300 |
_axv, 269 p. : _bill. ; _c22 cm. |
||
| 504 | _aIncludes bibliographical references (p. [248]-250) and index. | ||
| 650 | 0 |
_aIslam and state. _999936 |
|
| 651 | 0 |
_aArab countries _xPolitics and government. _999937 |
|
| 942 |
_2ddc _cBK |
||
| 999 |
_c32875 _d32875 |
||